| 000 | 00505nam a2200181 a 4500 | ||
|---|---|---|---|
| 005 | 20140412111308.0 | ||
| 008 | 010430s19uu xx 00 eng d | ||
| 020 | _a0-7097-0647-2 | ||
| 050 |
_aTR(PS E _bTe22 1988 |
||
| 100 | _aSpurgeon, Maureen | ||
| 245 |
_aTeddy goes to school / _ctext by Maureen Spurgeon. |
||
| 260 |
_aEngland : _bBrown Watson, _c1988. |
||
| 300 | _a1v. (unp.) ; ill. | ||
| 650 | _aSchools--Stories | ||
| 650 | _aBears--Stories | ||
| 650 | _aChildren stories | ||
| 999 |
_c103793 _d103793 |
||